000 00713nam a2200217Ia 4500
003 OSt
005 20250711112336.0
008 220923b |||||||| |||| 00| 0 eng d
037 _cReference
040 _aRTL
_cRTL
_beng
041 _2eng
_aeng
084 _aB28v M6/SC
_qRTL
100 _aPorter, Theodore M.
_9314012
245 0 _aRise of statistical thinking,1820-1900
260 _aNew Jersey
_bPrinceton University Press
_c1986
300 _axii, 333 p.
_bIncludes bibliographical references and index
650 _aMathematical statistics--History--19th century
_9815349
650 _aMathematical statistics
942 _hB28v, M6/SC
_cREF
_2CC
_n0
999 _c619806
_d619806